00711cam a22002173a 450000100060000000300060000600500170001200800410002904000150007004200070008510000430009224501590013526000290029450600300032351600200035370000170037370000160039070000160040683000290042285600420045142964PGUSA20140828083956.0130617s2013||||xxu|||||s|||||000 | eng d aPGUSAbeng adc1 aWood, J. G.q(John George),d1827-188910aBible Animals; :bBeing a Description of Every Living Creature Mentioned in the Scripture, from the Ape to the Coral.h[electronic resource] /cJ. G. Wood bProject Gutenberg,c2013 aPublic domain in the USA. aElectronic text1 aSmith, E. A.1 aKeyl, W. F.1 aWood, T. W. 0aProject Gutenbergv4296440uhttp://www.gutenberg.org/ebooks/42964